Managerial economics
Guardat en:
| Autors principals: | , |
|---|---|
| Format: | Llibre |
| Idioma: | anglès |
| Publicat: |
Hinsdale
The Dryden
1972
|
| Matèries: | |
| Etiquetes: |
Afegir etiqueta
Sense etiquetes, Sigues el primer a etiquetar aquest registre!
|
MARC
| LEADER | 00000nam a2200000 a 4500 | ||
|---|---|---|---|
| 001 | UCT7531 | ||
| 003 | CL-VaPUC | ||
| 008 | 970123e19720000us |||||||||||||||||eng|d | ||
| 082 | 0 | 4 | |a 658.15 |b BRI |2 21 |
| 100 | 0 | |a Brigham, Eugene F |e author |9 378531 | |
| 700 | |a Pappas, James L. |e author |9 378532 | ||
| 245 | 1 | 0 | |a Managerial economics |
| 300 | |a 493 p | ||
| 942 | |c BK | ||
| 945 | |d 19970123 00:00:00 |a rbrito | ||
| 260 | |a Hinsdale |b The Dryden |c 1972 | ||
| 650 | 0 | |a Economía |9 255568 | |
| 650 | 0 | |a Administrativos |9 371866 | |
| 650 | 7 | |a TECNICAS DE OPTIMIZACION |2 CL-VaPUC |9 378533 | |
| 650 | 0 | |a Precios |9 260787 | |
| 650 | 0 | |a Capital |9 263726 | |
| 650 | 0 | |a Inversiones |9 261520 | |
| 650 | 7 | |a INTERESES |2 CL-VaPUC |9 358017 | |
| 583 | |a last modification |c 20171214 02:30:59 |k Rodrigo Vera | ||
| 999 | |c 256128 |d 256126 | ||
| 952 | |0 0 |1 0 |4 0 |6 658_150000000000000_BRI_1972 |7 0 |8 P |9 278701 |a BIBGIM |b BIBGIM |d 2019-11-19 |i 3277720 |o 658.15 BRI 1972 |p 3277720 |r 2025-01-15 |w 2019-11-19 |y BK |k COM | ||